| 000 | 00438nam a22001457a 4500 | ||
|---|---|---|---|
| 008 | 230227b |||||||| |||| 00| 0 eng d | ||
| 020 | _a978-81-8495-843-0 | ||
| 082 | _a158.1 | ||
| 100 | _aNorman Vincent Peale | ||
| 245 |
_aBe a Winner: _bHope and Optimism for Life's Battle _cNorman Vincent Peale |
||
| 260 |
_aMumbai: _bJaico Publishing House, _c2017 |
||
| 300 |
_a166 p. _c22 cm |
||
| 942 | _2ddc | ||
| 999 |
_c9334 _d9335 |
||